[Event "HCL-A2527"]
[Site "www.playchess.de"]
[Date "2006.03.11"]
[Round "10"]
[White "zemljanin"]
[Black "taroak"]
[WhiteElo "1437"]
[BlackElo "1458"]
[PlyCount "64"]
[Result "0-1"]

1.e4 {hi}  e5 {You are from Antartica? what is the 
temp down there?}  2.f4 {around 0 C}  exf4 3.Nf3 
h6 {I assume you are a scientist of some sort? If 
so what are you working on?}  4.h4 {ozon and 
tectonic dislocation of continental plates are the 
main things that concern me...}  d5 {"Tectonic 
Plates of Science" - Bill Nye the science guy. :-) 
Thats pretty neat.}  5.d3 {yes, i know it :-)}  
dxe4 {Cool, not many people get my Bill Nye 
references.}  6.dxe4 {well, not many people are 
into reading... unfortunately. can you tell me 
something about what is going now in usa with 
darwins theory, it's been baned out of schools 
from inteligent designers... you've heard(read) 
about it???}  Qxd1+ {I love science (Cosmology) is 
my favorite yet I am a Christian:one of those 
Bible thumping Southern Baptists :-)Though I must 
say I have not attended church since 9/11.I would 
not want my child to learn that God created the 
universe and thats all.morel8tr}  7.Kxd1 {but it 
is not only in south it's in all states in USA?}  
Nc6 {The controversy is not that big here. It 
seems to be in the northeast the main court case 
came out of PA if I am not mistaken. It is an 
interesting debate to say the least. I love 
controversy though.}  8.Bxf4 {hahaha, you look at 
it as i do to, my woman tels me how bad that is 
but I'm trying to give her other point of 
refference and that is that it brings new 
perspectives thou it can be dangerous if they 
decide wrong...}  Nf6 {Most people believe that 
there exists a phrase in the constitution that 
say's, "Seperation of Church and state." and they 
are wrong! It does not exist. It was a quote from 
a supreme court judge. Probably the same one that 
said you have a right to privacy.}  9.Nbd2 {where 
are you living in USA? you are the rare case who 
is talking like that and is from USA, you must 
live in big city?}  Bg4 {I am from a large city in 
NC.}  10.Bxc7 {NC? sorry for my ignorance, these 
abriviations are not so in common around the world 
as they are in US.}  Rc8 {No problem}  11.Bh2 
{whyt is NC?}  Bc5 {Sorry, North Carolina. A state 
known for its great Bar-B-Q (Smoked Pork), Sweet 
Tea, Beautiful fall foliage in the Mountains and 
peaceful Beaches. Pepsi Cola was invented in New 
Bern, NC. Where are you from?}  12.c3 {I'm from 
antarctica, living in Europe, working with 
theaters around}  O-O {Where in Europe are you 
right now?}  13.Kc2 {in zurich in moment, then 
paris, brussels, moskau...}  Rfd8 {I will be in 
Moscpw for the Aeroflot Chess tourney starting Feb 
7th}  14.Bd3 Nb4+ 15.cxb4 {good move, take some 
good clothes, I read that in moscow is -30 C...Are 
you participating or just a visitor?}  Bxb4+ {I am 
going to play. This has been a goal of mine for 
quite a while. I am going to treasure the brisk 
bite of the Russian air.}  16.Bc4 {hahaha-brisk 
bite, maybe you should let your beard grow...}  
Bxf3 {LOL I like cold weather very much. I have 
endured German and Colorado winters and welcome 
the Russian Winter.}  17.gxf3 {well, then enjoy it 
as much as you can, I can't enjoy this game any 
more since you are going to beat me as it looks... 
you are anyway a better player since you go to 
this tournament, I haven't played on any 
tournament in my life.}  Bxd2 {Tournaments are a 
lot of fun. I have only played in small 
tournaments but never played in a large touney 
like this before.}  18.Kb3 {all best for your 
first tournament, but it will be a hard one. your 
name is  Tarokh Taefi ?}  Nd7 {I am looking 
forward to the challenge. I think I can do well.}  
19.Rad1 {you know how is with chess, sometimes 
there is some kind of inlightment during 
playing.Who knows? you'll see. Did I guess well 
with your name? I checked the players list and 
that one seems like your nick here...}  Nc5+ {THis 
is an eben game it would appear far from he 
disister you initially thought. Yes that is my 
name.}  20.Kc2 Nxe4 {I was very tired last night 
sorry for the horrible English.}  21.fxe4 {I 
wondered what does it mean?}  Rxc4+ 22.Kb1 Rxe4 
23.Bg3 Ba5 24.Rd6 {(offering draw)}  Rxd6 25.Bxd6 
g6 26.a3 {how was in russia?}  f5 {It was great 
though I played terribly. I hope to redeem myself 
maybe in two or three years. I found the winter 
air to be refreshing and infigurating. I think I 
will try someplace like Iceland next. The colder 
the better.}  27.b4 {why don't you try antarctica? 
there are also tours organized etc. and it's cold 
and sunny...}  Bb6 {I might one of these days. Its 
sounds exciting.}  28.a4 Bd8 29.h5 g5 30.a5 a6 
31.Kc2 Bf6 32.Rf1 f4 0-1

[Event "HCL-C4096"]
[Site "www.playchess.de"]
[Date "2006.03.11"]
[Round "8"]
[White "vampir"]
[Black "Dreamtheater"]
[WhiteElo "800"]
[BlackElo "800"]
[PlyCount "53"]
[Result "1-0"]

1.e4 e5 2.Nf3 Nc6 3.d4 d6 4.Bc4 h6 5.dxe5 Bg4 
6.exd6 cxd6 7.O-O Nd4 8.Qxd4 Bxf3 9.gxf3 Be7 
10.Bb5+ Kf8 11.Bc4 Bg5 12.Qd5 Qe7 13.Bxg5 hxg5 
14.Nc3 Nf6 15.Qxg5 Rh5 16.Qe3 g5 17.Nd5 Qe5 18.f4 
gxf4 19.Qxf4 Rg5+ 20.Kh1 Nh5 21.Qxe5 dxe5 22.Rfg1 
Rxg1+ 23.Rxg1 Rc8 24.Bb3 f6 25.Rg6 Nf4 26.Nxf4 
exf4 27.Rg8+ 1-0

[Event "HCL-A2627"]
[Site "www.playchess.de"]
[Date "2006.03.11"]
[Round "12"]
[White "PhilipKaveny"]
[Black "GCP"]
[WhiteElo "1324"]
[BlackElo "1445"]
[PlyCount "67"]
[Result "1/2-1/2"]

1.e4 {Not done with yet :)}  c6 {let's try a Caro 
kann}  2.d4 d5 3.Nc3 g6 4.Nf3 Bg4 5.Bd3 e6 6.e5 
Ne7 7.Be3 Nd7 8.Qd2 Bxf3 9.gxf3 Qb6 10.Na4 Qc7 
11.f4 Nb6 12.Nc5 {:)}  Nf5 {horse dance !}  
13.Bxf5 {Your a funny guy}  gxf5 {and you a 
sprightly (I have had to find this word on the 
dictionary) one}  14.O-O-O {I weigh about 140 K 
and was a heavyweight wrestlers as a young  man 
amature champion of my province}  Nc4 {it let 
suppose you're more than sprigthly :)}  15.Qc3 Rg8 
16.Rhg1 Rxg1 17.Rxg1 O-O-O 18.Nb3 a5 19.Nd2 Bb4 
20.Qd3 Bxd2+ 21.Bxd2 b5 22.Rg7 Rh8 23.Qg3 b4 24.b3 
Nxd2 25.Kxd2 h5 26.Rg8+ Rxg8 27.Qxg8+ Kb7 28.Qh7 
c5 29.dxc5 {Maybe this is a very clever way to 
take my queen out of play--}  Qxc5 {it's in any 
case hard for me ... I have to try to complicate 
the game}  30.Qxf7+ {You are sooo hard to play.  
But thats great of course I lose the rock and pawn 
game but three is play in the other}  Kb8 {they 
are all nice games}  31.Qe8+ {Excuse me if speak 
freely if either of us here trys for a win we lose 
--But I saw a line for me perhaps}  Kc7 {I suppose 
there is it ... for that reason I tried to 
complicate a little, I like play against you - it 
doesn't matter to win or to lose, also if win is 
more pleasant :)) - but if you have to win you 
have to fight (and think) a little :))}  32.Qf7+ 
{I need to leave in about ten minutes to take my 
wife to dinner---I with check out the other 
tournaments we are playing--I a couple you really 
helped my score ply playing tough after me. I migh 
we resign the other came Of course I hope me pawn 
would run}  Kd8 {... and I will go to disco with 
my wife in few minutes ... see you on board 
(maybe) tomorrow !}  33.Qf6+ {You Disco 
Wonderfull}  Kd7 {a couple of hours dancing Salsa} 
 34.Qf7+ {(offering draw) My wife now wants know 
why I don't take her dancing}  1/2-1/2

[Event "HCL-A2617"]
[Site "www.playchess.de"]
[Date "2006.03.11"]
[Round "17"]
[White "ama49"]
[Black "Matu"]
[WhiteElo "1138"]
[BlackElo "1536"]
[PlyCount "64"]
[Result "0-1"]

1.e4 {Hello again}  e5 {hello and good luck}  
2.Nf3 Nc6 3.d4 exd4 4.Nxd4 Nxd4 5.Qxd4 c6 6.Nc3 d6 
7.Bf4 Be6 8.O-O-O Qa5 9.Bxd6 O-O-O 10.Qc5 Qxc5 
11.Bxc5 Bxc5 12.Rxd8+ Kxd8 13.f3 Ne7 14.a3 Kc7 
15.Bd3 Ng6 16.Rd1 Rd8 17.Na4 Be3+ 18.Kb1 Nf4 19.g3 
Nxd3 20.Rxd3 Rxd3 21.cxd3 Bg1 22.g4 Bxh2 23.Nc5 
Bc8 24.d4 Bg1 25.Nb3 Be6 26.d5 cxd5 27.exd5 Bxd5 
28.Nd2 Be3 29.Ne4 Bxe4+ 30.fxe4 Kd6 31.Kc2 Ke5 
32.Kd3 Bc1 0-1

[Event "HCL-C4016"]
[Site "www.playchess.de"]
[Date "2006.03.11"]
[Round "34"]
[White "Milosforman"]
[Black "Mercator"]
[WhiteElo "928"]
[BlackElo "1042"]
[PlyCount "71"]
[Result "1-0"]

1.d4 d5 2.Nc3 Nf6 3.a3 e6 4.e3 c5 5.dxc5 Bxc5 
6.Bb5+ Bd7 7.b4 Bd6 8.Qe2 a6 9.Bxd7+ Nbxd7 10.Bb2 
O-O 11.f4 Qc7 12.Qf3 e5 13.Nxd5 Nxd5 14.Qxd5 exf4 
15.e4 Rfe8 16.Nf3 Qxc2 17.Qd2 Rac8 18.Rc1 Qxd2+ 
19.Kxd2 Rxc1 20.Rxc1 b5 21.Kd3 Kf8 22.Rc6 Ne5+ 
23.Nxe5 Bxe5 24.Bxe5 Rxe5 25.Rxa6 Re8 26.a4 bxa4 
27.Rxa4 Rd8+ 28.Kc4 Rd2 29.g3 fxg3 30.hxg3 Rg2 
31.Ra3 Ke7 32.b5 Kd7 33.Ra7+ Ke6 34.b6 Rb2 35.b7 
Rxb7 36.Rxb7 1-0

[Event "HCL-B3860"]
[Site "www.playchess.de"]
[Date "2006.03.11"]
[Round "16"]
[White "spyros79"]
[Black "evets"]
[WhiteElo "1200"]
[BlackElo "1392"]
[PlyCount "42"]
[Result "0-1"]

1.e4 e5 2.Nf3 Nc6 3.Bb5 a6 4.Ba4 b5 5.Bb3 Nf6 
6.O-O Bc5 7.Re1 O-O 8.c3 d5 9.exd5 Nxd5 10.Nxe5 
Nxe5 11.Rxe5 c6 12.d4 Nxc3 13.bxc3 Bd6 14.Re1 Qh4 
15.g3 Qh3 16.Qf3 Bg4 17.Qxc6 Rac8 18.Qg2 Qh5 19.h4 
Bf3 20.Qf1 Qg4 21.Be3 Bxg3 0-1

[Event "HCL-A2629"]
[Site "www.playchess.de"]
[Date "2006.03.11"]
[Round "12"]
[White "hal1958"]
[Black "froilo"]
[WhiteElo "1410"]
[BlackElo "1490"]
[PlyCount "82"]
[Result "1/2-1/2"]

1.b4 {have a nice game}  Nf6 2.Bb2 e6 {thanks, 
same wish}  3.b5 c6 4.a4 Qa5 5.e3 a6 6.Nc3 Qb4 
7.Ba3 Qa5 8.Bxf8 Rxf8 9.Nf3 h6 10.Be2 Ke7 11.O-O 
Rd8 12.Qb1 Qc7 13.Qb4+ c5 14.Qb3 Kf8 15.h3 d5 
16.Qb2 Nbd7 17.d4 b6 18.dxc5 Nxc5 19.bxa6 Bxa6 
20.Bxa6 Rxa6 21.Nd4 Rda8 22.Ndb5 Qd8 23.Qb4 Kg8 
24.f3 Qb8 25.Nd4 Qb7 26.Nb3 Nfd7 27.Nxc5 Nxc5 
28.Rfb1 Qc6 29.Qb5 Qxb5 30.Rxb5 Nxa4 31.Nxa4 R6xa4 
32.Rxa4 Rxa4 33.Rxb6 Ra1+ 34.Kf2 {(offering draw)} 
 Rc1 {want to try some more moves}  35.Rb8+ Kh7 
36.Rc8 f6 37.h4 e5 38.h5 Rh1 39.g4 Rh2+ 40.Ke1 Rh3 
41.Ke2 Rh2+ {(offering draw)}  1/2-1/2

[Event "HCL-C4154"]
[Site "www.playchess.de"]
[Date "2006.03.11"]
[Round "2"]
[White "epenz"]
[Black "Idris"]
[WhiteElo "951"]
[BlackElo "844"]
[PlyCount "85"]
[Result "1-0"]

1.e4 e5 2.Nf3 d6 3.Nc3 Nf6 4.d3 Be7 5.Be2 Be6 6.h3 
Nc6 7.O-O Qd7 8.a3 O-O-O 9.Be3 Kb8 10.b4 Rdg8 
11.b5 Nd4 12.a4 a5 13.Ng5 Nxe2+ 14.Qxe2 h6 15.Nxe6 
Qxe6 16.Rab1 b6 17.f3 g5 18.g4 h5 19.Qg2 hxg4 
20.fxg4 Rh4 21.Rf3 Nxg4 22.hxg4 Rxg4 23.Rg3 Rxg3 
24.Qxg3 g4 25.Rf1 Rh8 26.Kg2 Rh3 27.Qe1 Bh4 28.Bf2 
g3 29.Bg1 Bf6 30.Ne2 Rh7 31.Nxg3 Qh3+ 32.Kf3 Rg7 
33.Qf2 Qg4+ 34.Kg2 Bh4 35.Bh2 Rg6 36.Qf3 Qe6 
37.Qxf7 Qxf7 38.Rxf7 Bf6 39.Kf2 c5 40.Nf5 Bg5 
41.Rd7 Kc8 42.Rxd6 Rh6 43.Nxh6 1-0

[Event "HCL-C4193"]
[Site "www.playchess.de"]
[Date "2006.03.11"]
[Round "10"]
[White "willi_weizenkeim"]
[Black "daveboy6968"]
[WhiteElo "1034"]
[BlackElo "959"]
[PlyCount "47"]
[Result "1-0"]

1.c4 {HEY DAVE !! :-)
WELCOME to the party ! .-)))))}  e5 {hello my 
friend long time no speak :-) great to play you 
again how have you been? :-)}  2.Nc3 {i made a 
trip to class "b" sometimes,... but now i'm 
basicly back, where i belong to :)))}  c6 {i have 
the occasional trip to b too but can't as yet make 
it stick fun trying tho :-))}  3.g3 {stying on the 
stupid side is soooo much better *LOL*}  d5 {well 
you meet a lot of great people on here thats for 
sure :-)}  4.cxd5 {on my opinion, there r lots of 
nice people here in playchess, i never met a bad 
guy}  cxd5 {i have met a couple people i wish i 
hadn't but the vat majority are great :-)}  5.e3 
{i made lots of bad contacts when i played at 
yahoochess,... but here ist obviously a 
chessplatform, not a chatsite :-)}  h5 {thats 
possibly why its so good ;-)}  6.d4 {okok,... i 
will stop "talking" :-((((


;-)}  e4 {noooooooo! never stop my old mate 
:-)))))}  7.f3 {ok, but don't blame me for 
devreasing quality *LOL*}  Bb4 {your a funny guy 
its been too long since we played together i have 
missed our chats :-)}  8.Bd2 {did i ever ask u, if 
u'ld like to change photos of us,... country,... 
town,... etc}  Bxc3 {you and i exchanged scarey 
photos of each other a long long time ago :-) if 
country or anything intrests you let me know :-)}  
9.Bxc3 {hmmm, so i must have lost that picture :-( 
... have a look at  www.odenthal.de}  g5 {you will 
probably scream if you seeit it ain't pretty :-(}  
10.Qa4+ {drain@gmx.de :) that'S my adress}  Bd7 
{sorry ive been under the weather for a few days 
:-(}  11.Qb4 {do u feel better now ? :-)}  b6 {not 
really i have a heavy cold+chest infection so i 
will only be on and off for little times at the 
moment my friend :-(}  12.Bb5 {ok, i will print 
u're photo and fix it over my monitor to stay in 
the illusion that u're always there *HARHARHAR*}  
Bxb5 {thats very frightening to know my ol mate 
:-))}  13.a4 {YES INDEED ! :-)}  Bc4 {i hope it 
scares you into some mistakes :-)}  14.Ne2 {i did 
not receive anything :-(}  Nc6 {:-( thats probably 
a blessing ;-)}  15.Qa3 {i will have 2 cast a 
spell ?}  Nf6 {oh oh :-) im feeling strange and i 
don't believe ive just changed into a frog :-)) 
rib bit :-))}  16.Rf1 {do U know, i am born under 
the star of a stork *LOL*

and i am still hungry (after delivering 18 babies  
only this morning )}  Bxe2 {i forgot just how 
funny you really are :-))}  17.Kxe2 {killing is no 
fun ! :-(

... but eating IS FUN !!!! :-))))}  exf3+ {i have 
no idea what your on about willi ???}  18.Rxf3 {i 
hate killing frogs,.... but i eat them :-)}  Ne4 
{FROGS....YUCK.... thats not good some nice steak 
or lamb now your talking :-))}  19.Raf1 {i love 
steaks :-)
i love chicken.
lamb is brilliant !
remember me u're age please, if u donot want 
tochange pictures.}  Nxc3+ {my age now is 37 but 
in september i will reach 38 :-( not  enjoying the 
race of time at the moment :-) and you ???}  
20.Qxc3 {40,... 41 in may}  Qd7 {oh so are you in 
a mid life crisis ;-)}  21.R3xf7 {does it sound 
like this ?}  Qg4+ {yep :-) :-) ;-)}  22.Kd2 {so i 
have to look for a girl friend to be satisfied 
again ! :-)}  O-O-O {always a good idea ;-)}  
23.Qxc6+ {r there a lot of pretty women around u 
?}  Kb8 {sure :-0)) my wife  and little girl for 
two :-))}  24.Qb7+ {gottcha ! :-)} 
 1-0

[Event "HCL-T266"]
[Site "www.playchess.de"]
[Date "2006.03.11"]
[Round "1"]
[White "stevetilbury"]
[Black "Idris"]
[WhiteElo "1610"]
[BlackElo "844"]
[PlyCount "69"]
[Result "1-0"]

1.e4 e6 2.d4 d5 3.Nc3 Bb4 4.e5 c5 5.a3 {hello from 
london}  Bxc3+ {Hello from near Birmingham}  
6.bxc3 c4 7.Qg4 g6 8.h4 f5 9.Qg3 Ne7 10.h5 Nec6 
11.hxg6 Kd7 12.Rxh7+ Ne7 13.Rxh8 Qxh8 14.g7 Qg8 
15.Nh3 Ng6 16.Qxg6 Nc6 17.Bh6 Ne7 18.Qg3 Qh7 
19.Be2 Ng8 20.Bf4 b5 21.a4 bxa4 22.Rxa4 Ne7 23.Ng5 
Qxg7 24.Nxe6 Qxg3 25.Nc5+ Ke8 26.Bxg3 Ng6 27.Bh5 
Kf7 28.e6+ Bxe6 29.Bxg6+ Kxg6 30.Nxe6 Kf6 31.Ra6 
Re8 32.Be5+ Kg6 33.Nc7+ Kf7 34.Nxe8 Kxe8 
35.Rxa7 1-0

[Event "HCL-C4130"]
[Site "www.playchess.de"]
[Date "2006.03.11"]
[Round "27"]
[White "valpa"]
[Black "sweendog"]
[WhiteElo "1090"]
[BlackElo "721"]
[PlyCount "54"]
[Result "0-1"]

1.b4 {Welcome to the new game}  d5 {good 
luck
}  2.Bb2 Nf6 3.e3 b5 4.d3 e5 5.a3 Bd6 6.Nf3 e4 
7.dxe4 Nxe4 8.Qxd5 Nxf2 9.Kxf2 c6 10.Qd3 O-O 
11.Be2 a5 12.Re1 a4 13.Kg1 c5 14.Bc3 c4 15.Qd1 Bg4 
16.Rf1 Nc6 17.Nd4 Bxe2 18.Qxe2 Re8 19.Nxc6 Qc8 
20.Nd4 Ra7 21.Nf5 Bb8 22.Nxg7 Be5 23.Nxe8 Qxe8 
24.Bxe5 Qxe5 25.Nd2 Qb2 26.Ne4 Re7 27.c3 
Qxe2 0-1

[Event "HCL-B3853"]
[Site "www.playchess.de"]
[Date "2006.03.11"]
[Round "22"]
[White "GMO"]
[Black "ulibear"]
[WhiteElo "1361"]
[BlackElo "1232"]
[PlyCount "59"]
[Result "1-0"]

1.e4 c6 2.Bc4 d5 3.exd5 cxd5 4.Bb3 Nc6 5.d3 e5 
6.Qf3 Be6 7.c3 Nf6 8.Bg5 Be7 9.Nd2 h6 10.Bxf6 Bxf6 
11.O-O-O O-O 12.Kb1 g5 13.h3 Qd7 14.Qxf6 Kh7 
15.Qf3 f5 16.Qe2 Qg7 17.Ba4 Na5 18.Ngf3 e4 19.Nd4 
Bd7 20.Bxd7 Qxd7 21.N2b3 exd3 22.Qxd3 Nc4 23.Nc5 
Qc8 24.Nce6 Rf6 25.Rhe1 Qd7 26.f3 Kg6 27.g4 Re8 
28.Re2 Nxb2 29.Kxb2 Rexe6 30.Rxe6 1-0

[Event "HCL-T263"]
[Site "www.playchess.de"]
[Date "2006.03.11"]
[Round "7"]
[White "daveboy6968"]
[Black "marceli"]
[WhiteElo "940"]
[BlackElo "1865"]
[PlyCount "60"]
[Result "0-1"]

1.d4 f5 2.c4 Nf6 3.e3 {hello+good luck :-)}  c5 
4.d5 d6 {hello & good luck from wiesbaden, 
germany}  5.f3 {:-)}  e5 6.Nc3 Na6 7.Bd3 Be7 8.e4 
f4 9.Nge2 Bd7 10.O-O g5 11.h3 h5 12.Nb5 g4 13.fxg4 
hxg4 14.hxg4 Nxg4 15.Nxf4 exf4 16.Bxf4 Bf8 
17.Nxd6+ Bxd6 18.Bxd6 Qh4 19.Qxg4 Bxg4 20.Rf4 Qh1+ 
21.Kf2 Qxa1 22.Kg3 Bh5 23.Rf1 Qxb2 24.Rf2 Qg7+ 
25.Kf4 Qf6+ 26.Ke3 Qd4+ 27.Kd2 Qxf2+ 28.Kc3 Qe1+ 
29.Kb2 Qd2+ 30.Ka3 Qb4+ 0-1

[Event "HCL-E1525"]
[Site "www.playchess.de"]
[Date "2006.03.11"]
[Round "16"]
[White "BigAl"]
[Black "BohdanL"]
[WhiteElo "1540"]
[BlackElo "1499"]
[PlyCount "84"]
[Result "0-1"]

1.c4 {Hi, nice to meet you, good luck with the 
tournament}  g6 {thanks, nice to meet you too and 
good luck}  2.Nc3 {thanks also :-)}  Bg7 3.d4 c5 
4.e3 Nf6 5.dxc5 {A very happy Christmas to you and 
your family, I hope 2006 is a great year for you}  
Nc6 {Thank you for the nice words, Merry Christmas 
and a Happy 2006, may Happiness, Good Health and 
Success be with You and all Your Family}  6.Nf3 
{Thanks to you also}  Qa5 7.Bd3 Qxc5 8.O-O O-O 
9.a3 Qb6 10.b4 d6 11.b5 Na5 12.Bd2 Be6 13.Qa4 Qd8 
14.Nd4 b6 15.Nxe6 fxe6 16.Rad1 Nb7 17.Qc2 Nc5 
18.Be2 Qd7 19.e4 e5 20.f3 e6 21.f4 exf4 22.Bxf4 e5 
23.Bxe5 Ng4 24.Rxf8+ Rxf8 25.Rxd6 Qf7 26.Bg3 Bxc3 
27.Bf3 Qxc4 28.Be2 Bd4+ 29.Rxd4 Qxc2 30.Bxg4 Qb1+ 
31.Rd1 Qxe4 32.Bf3 Rxf3 33.gxf3 Qe3+ 34.Bf2 Qxf3 
35.Rd8+ Kg7 36.Bd4+ Kh6 37.Bf2 Qg4+ 38.Kh1 Qf3+ 
39.Kg1 Ne4 40.Be1 Qe3+ 41.Kf1 Qf4+ 42.Kg1 
Qg5+ 0-1

[Event "HCL-B3917"]
[Site "www.playchess.de"]
[Date "2006.03.11"]
[Round "5"]
[White "Innessa"]
[Black "nichju"]
[WhiteElo "964"]
[BlackElo "1037"]
[PlyCount "70"]
[Result "0-1"]

1.e4 {Gruesse wieder!}  e5 {Hallo, hoffentlich 
spiele ich diesmal besser!!!}  2.Bc4 {Ja, ich 
glaube, Sie gewinnen jetzt !}  Nf6 3.d3 Bc5 4.Bg5 
h6 5.Bxf6 Qxf6 6.Nf3 {Spielen Sie ob an der Seite 
ICC blitz - Spiel ?}  Nc6 {Ich habe es noch nicht 
ausprobiert}  7.O-O {Ich beginne. Man kann 
zusammen ! : )}  d6 8.Nc3 {Ich habe an der Seite 
chess 21.com gespielt, die ist jetzt als eines 
Teil von der Seite ICC.}  Bg4 9.Nd5 {Es geht hier 
, leider, nicht so gut: andere Schach ( Brett ), 
andere Menschen...}  Qd8 10.c3 {Spielen sie ob 
Blitz- 5 ( 5 min. fur ganze Partie ) ?}  Qd7 
{Bislang noch nicht}  11.b4 {Kommen Sie nach Seite 
ICC und wir spielen paar Partien !}  Bb6 12.d4 
exd4 13.cxd4 Nxd4 14.Bd3 Nxf3+ 15.gxf3 Bh3 16.Nxb6 
axb6 17.f4 Bxf1 18.Qxf1 Qg4+ 19.Kh1 Qxf4 20.Qg2 g5 
21.e5 Qxe5 22.Qxb7 Qxa1+ 23.Kg2 O-O 24.Qxc7 Qd4 
25.Bf1 Qg4+ 26.Kh1 Rae8 27.h3 Qf3+ 28.Bg2 Re1+ 
29.Kh2 Qxf2 30.Qxd6 {  : )}  Qg1+ 31.Kg3 Re3+ 
32.Kg4 Qxg2+ 33.Kf5 Qxh3+ 34.Kf6 Qf3+ 35.Qf4 
Qxf4+ 0-1

[Event "HCL-C4150"]
[Site "www.playchess.de"]
[Date "2006.03.11"]
[Round "2"]
[White "stefcat"]
[Black "rouldf"]
[WhiteElo "400"]
[BlackElo "1200"]
[PlyCount "48"]
[Result "0-1"]

1.e4 c5 2.Nc3 e6 3.Bd3 Nc6 4.Nf3 Nf6 5.O-O Be7 
6.h3 O-O 7.g4 d6 8.b3 h6 9.a4 a6 10.Bc4 Nh7 11.d3 
Nb4 12.Be3 d5 13.d4 dxc4 14.bxc4 cxd4 15.Bxd4 Qc7 
16.Ne5 Rd8 17.f4 Bc5 18.Nf3 Bxd4+ 19.Nxd4 Qxc4 
20.f5 Qxc3 21.Rf3 Qxd4+ 22.Qxd4 Rxd4 23.Re3 Nxc2 
24.Rc3 Nxa1 0-1

[Event "HCL-C4156"]
[Site "www.playchess.de"]
[Date "2006.03.11"]
[Round "4"]
[White "Idris"]
[Black "nicola"]
[WhiteElo "840"]
[BlackElo "1111"]
[PlyCount "60"]
[Result "0-1"]

1.e4 e6 {hi}  2.e5 {Hi}  b6 3.d4 Bb7 4.Qg4 Nc6 
5.Be3 g6 6.Bd3 Nb4 7.Bg5 Be7 8.Nf3 Nxd3+ 9.cxd3 
Bxf3 10.Qxf3 Bxg5 11.O-O Ne7 12.Nc3 a6 13.Ne4 Nd5 
14.a4 Bh6 15.Nf6+ Nxf6 16.Qxf6 Qxf6 17.exf6 Bg5 
18.f4 Bxf6 19.b4 Bxd4+ 20.Kh1 Bxa1 21.Rxa1 Ke7 
22.d4 h5 23.h4 Rhc8 24.g3 c5 25.bxc5 bxc5 26.dxc5 
Rxc5 27.Rg1 Rc2 28.Rb1 Rac8 29.Rb6 Ra2 30.Rxa6 
Rc1+ 0-1